00432 2200157 4500001002100000005001500021035002000036245007900056100002200135250001700157300002800174260003400202082001000236084001600246650001200262INLIS00000000000047620240723060233 a0010-07240000311 aDongeng Pengantar Tidur :bSi Bujang (Pangeran Katak) /cMB. Rahimsyah. AR0 aMB. Rahimsyah. AR aCetakan ke-1 a64 hlm :bilus ;c21 cm aSurabaya :bSerba Jaya,c2010 a398.2 a398.2 MB. d 4aDongeng